|
|
|
|
| LEADER |
01809nam a22003974a 4500 |
| 001 |
44495 |
| 003 |
BD-DhAAL |
| 005 |
20250722094818.0 |
| 008 |
250722t2001 caua b 001 0 eng |
| 010 |
|
|
|a 00033737
|
| 020 |
|
|
|a 0534371353
|
| 020 |
|
|
|a 9780534371357
|
| 035 |
|
|
|a 11992501
|
| 040 |
|
|
|a DLC
|c DLC
|d DLC
|d BD-DhAAL
|
| 042 |
|
|
|a pcc
|
| 050 |
0 |
0 |
|a T57.62.
|b W55 2001
|
| 082 |
0 |
0 |
|a 658/.001/13
|2 21
|
| 100 |
1 |
|
|a Winston, Wayne L.
|9 58797
|
| 245 |
1 |
0 |
|a Practical management science /
|c Wayne L. Winston, S. Christian Albright ; with case studies by Mark Broadie.
|
| 250 |
|
|
|a Second edition.
|
| 260 |
|
|
|a Pacific Grove, CA :
|b Brooks/Cole,
|c 2001.
|
| 300 |
|
|
|a xviii, 953 pages :
|b illustrations ;
|c 26 cm.
|
| 500 |
|
|
|a Study guide (186 p. ; 24 cm.).
|
| 504 |
|
|
|a Includes bibliographical references (p. 943-947) and index.
|
| 541 |
|
|
|a Donated by Farhana Zahir (Assistant Professor, BBS)
|e 44495
|
| 650 |
|
0 |
|a Management science
|x Computer simulation.
|9 58798
|
| 650 |
|
0 |
|a Management science
|x Mathematical models.
|9 58799
|
| 650 |
|
0 |
|a Electronic spreadsheets.
|
| 700 |
1 |
|
|a Albright, S. Christian.
|9 58800
|
| 700 |
1 |
|
|a Broadie, Mark Nathan.
|9 58801
|
| 852 |
|
|
|a Ayesha Abed Library
|c General Stacks
|
| 856 |
4 |
2 |
|3 Contributor biographical information
|u http://www.loc.gov/catdir/enhancements/fy1105/00033737-b.html
|
| 856 |
4 |
1 |
|3 Table of contents only
|u http://www.loc.gov/catdir/enhancements/fy1105/00033737-t.html
|
| 942 |
|
|
|2 ddc
|c BK
|
| 999 |
|
|
|c 47330
|d 47330
|
| 952 |
|
|
|0 0
|1 0
|2 ddc
|4 0
|6 658_001130000000000_WIN
|7 0
|9 77877
|a BRACUL
|b BRACUL
|c GEN
|d 2025-07-22
|e Donated by Farhana Zahir (Assistant Professor, BRAC University)
|l 0
|o 658.00113 WIN
|p 3010044495
|r 2025-07-22
|t 1
|w 2025-07-22
|y BK
|x Donated by Farhana Zahir (Assistant Professor, BBS, BRAC University.) ; Price not available in the Book
|